000 00784cab a2200241 4500
001 X87140
008 090401t1998 xxu||||| |||| 00| 0 eng d
035 _a(Sirsi) u87140
041 _aeng
100 _aHall, P.
245 _aAll for one and one for all
260 _c1998
350 _a0
490 _aBuilding
_v263(8044) 19 June 1998, 38(1)
520 _aDiscusses the contracts entered into by the New Millennium Experience Company and its core team of consultants which provide for a common risk-sharing strategy through a target cost arrangement.
650 _aDELAY
650 _aMILLENNIUM DOME
650 _aPROFESSIONAL TEAM
650 _aTARGET COST ARRANGEMENT
690 _aBUILT ENVIRONMENT-BUILDING CONTRACT FORMS
942 _n0
948 _c02/07/1998
999 _c54927
_d54927